000 00537nam a2200181 a 4500
005 20140412111247.0
008 010907s19uu xx 00 eng d
020 _a0-8234-0510-9
050 _aTR(PS E
_bTo63 1984
100 _aStevens, Janet
245 _aTortoise and the hare (The) /
_cJanet Stevens.
260 _aNew York :
_bHoliday House,
_c1984.
300 _a1v. (unp.) ; ill.
520 _aRecounts the race between the boastful hare and the preserving tortoise.
650 _aFables
650 _aAesop
999 _c102977
_d102977